000
00284nam a2200109Ia 4500
008
230907s9999||||xx |||||||||||||| ||und||
082
_a
5.133
_b
DAL
100
_a
Dale, Nell
_9
60989
245
0
_a
Object-oriented data structures using Java /
300
_a
xix, 693 pages :
942
_c
BK
999
_c
600002
_d
600002